| 000 | 00361nam a22001457a 4500 | ||
|---|---|---|---|
| 003 | SGT | ||
| 020 | _a9789385114106 | ||
| 082 | _a364.095 4,GUJ | ||
| 100 | _aGUJAR,SURYAKANT MAHADEO | ||
| 245 | _aLECTURES ON CRIMINOLOGY & PENOLOGY | ||
| 260 |
_aNEW DELHI _bKAMAL PUBLISHERS _c2015 |
||
| 300 | _a166 | ||
| 650 | _a CRIMINOLOGY & PENOLOGY | ||
| 942 |
_2ddc _cBK _03 |
||
| 999 |
_c11012 _d11012 |
||